MARC

LEADER 00000nas a2200000 a 4500
001 ssj0004048
003 WaSeSS
005 20200512172242.0
006 m d
007 cr n
008 050615c19279999enkqr pss o 0 a0eng c
010 |a  2011236811 
015 |a GBB511432  |2 bnb 
016 7 |a 012993145  |2 Uk 
022 |a 1745-1744  |l 0003-598X  |y 0003-598X 
035 |a (WaSeSS)ssj0004048 
040 |a OCLCS  |b eng  |c OCLCS  |d OCLCG  |d AUD  |d CIT  |d OCLCQ  |d CO3  |d OCLCQ  |d OCLCE  |d FJM  |d OCLCQ  |d DLM  |d CUS  |d N@F  |d MUQ  |d DHU  |d OCL  |d NOC  |d OCLCQ  |d COO  |d OCLCO  |d OCLCF  |d OCLCO  |d OCLCQ  |d TSC  |d OCLCQ  |d NLE  |d BUF  |d OCLCQ  |d CUD  |d Z5A  |d FIE  |d ZAC  |d VT2  |d RCE  |d U3W  |d BRL  |d UOK  |d OCLCQ  |d UKMGB  |d DCHUA  |d OCLCQ  |d FUG  |d WaSeSS 
042 |a pcc  |a dlr 
043 |a e-uk--- 
050 1 4 |a CC1  |b .A7 
082 0 4 |a 930/.05  |2 19 
130 0 |a Antiquity (Online) 
222 0 |a Anitiquity  |b (Online) 
245 1 0 |a Antiquity  |h [electronic resource]. 
260 |a [Gloucester, Eng.] :  |b Antiquity Publications 
310 |a Quarterly,  |b <Mar. 1991-> 
321 |a Quarterly,  |b Mar. 1927- 
321 |a 3 no. a year,  |b <1981-> 
362 1 |a Print began with v. 1 in Mar. 1927. 
500 |a "A periodical review of archaeology." (varies). 
500 |a Editor: Mar. 1927- O.G.S. Crawford. 
506 |a License restrictions may limit access. 
520 |a Includes section: Reviews. 
538 |a Master and use copy. Digital master created according to Benchmark for Faithful Digital Reproductions of Monographs and Serials, Version 1. Digital Library Federation, December 2002.  |u http://purl.oclc.org/DLF/benchrepro0212  |5 MiAaHDL 
555 |a Vols. 1-25, 1927-51. 1 v.; v. 26-50, 1952-76. 1 v.; v. 51-65, 1976-91. 1 v. 
583 1 |a digitized  |c 2010  |h HathiTrust Digital Library  |l committed to preserve  |5 MiAaHDL  |2 pda 
588 |a Description based on print version record. 
588 |a Latest issue consulted: Vol. 85, no. 327 (Mar. 1, 2011) (viewed Oct. 24, 2011). 
650 0 |a Archaeology  |v Periodicals. 
650 6 |a Archéologie  |v Périodiques. 
650 7 |a Antiquities.  |2 fast  |0 (OCoLC)fst00810745 
650 7 |a Archaeology.  |2 fast  |0 (OCoLC)fst00812938 
650 1 7 |a Archeologie.  |2 gtt 
651 0 |a Great Britain  |x Antiquities  |v Periodicals. 
651 6 |a Grande-Bretagne  |x Antiquités  |v Périodiques. 
651 7 |a Great Britain.  |2 fast  |0 (OCoLC)fst01204623 
655 0 |a Electronic journals. 
700 1 |a Crawford, Osbert Guy Stanhope,  |d 1886-1957. 
776 0 8 |i Print version:  |t Antiquity  |x 0003-598X  |w (DLC) 29021740  |w (OCoLC)1481624 
856 4 0 |z Full text available from Research Library: 03/01/1997 to 6 months ago  |u https://search.proquest.com/publication/36387